00562pab a2200169 454500008004000000100002300040245011600063260000900179300001300188362001700201650001000218773002100228908000600249909001100255999001900266952010700285180718b2013 xxu||||| |||| 00| 0 eng d aSehrawat, Samiksha aFeminising empire: The association of medical women in India and the campaign to found a womens medical service c2013 ap.65-81. aMay-Jun 2013 aWomen aSocial Scientist aN a101336 c101334d101334 00104070aIIPAbIIPAd2018-07-19hVolume no: 41, Issue no: 5-6pAR101796r2018-07-19w2018-07-19yAR